[Event "Menton op 19th"]
[Site "Menton"]
[Date "2022.10.27"]
[Round "6"]
[White "Govciyan, Pavel"]
[Black "Karr, Jean Philippe"]
[Result "1/2-1/2"]
[WhiteElo "2460"]
[BlackElo "2319"]
[PlyCount "81"]
[EventDate "2022.10.23"]
[EventType "swiss"]
[EventRounds "9"]
[EventCountry "FRA"]
[SourceTitle "EXT 2024"]
[Source "ChessBase"]
[SourceDate "2023.10.10"]
[SourceVersion "1"]
[SourceVersionDate "2023.10.10"]
[SourceQuality "1"]

1. d4 Nf6 2. Nf3 g6 3. g3 Bg7 4. Bg2 d5 5. 0-0 0-0 6. c4 c6 7. Nbd2 a5 8. b3 Bf5 9. Bb2 a4 10. Nh4 Bc8 11. e3 axb3 12. axb3 Rxa1 13. Qxa1 Na6 14. Bc3 Qd6 15. Rc1 Re8 16. Nhf3 Bf5 17. b4 Ne4 18. Nxe4 Bxe4 19. b5 cxb5 20. cxb5 Nc7 21. b6 Na8 22. Qa4 Rc8 23. Bd2 Rxc1+ 24. Bxc1 Qd8 25. Ba3 Nxb6 26. Qa5 Qa8 27. Qxb6 Qxa3 28. Qd8+ Bf8 29. Ne5 e6 30. Bf1 Kg7 31. Qe8 Qe7 32. Qc8 b6 33. h4 Qd6 34. Be2 Bb1 35. h5 gxh5 36. Bxh5 Bg6 37. Be2 Be7 38. Qb7 Bd8 39. Nc6 Qc7 40. Qa8 Bf6 41. f4 1/2-1/2

[Event "Figueres op 13th"]
[Site "Figueres"]
[Date "2012.08.12"]
[Round "4"]
[White "Govciyan, Pavel"]
[Black "Balague Camps, Marc"]
[Result "1-0"]
[WhiteElo "2451"]
[BlackElo "2072"]
[PlyCount "111"]
[EventDate "2012.08.09"]
[EventType "swiss"]
[EventRounds "9"]
[EventCountry "ESP"]
[SourceTitle "CBM 149 Extra"]
[Source "ChessBase"]
[SourceDate "2012.08.24"]
[SourceVersion "1"]
[SourceVersionDate "2012.08.24"]
[SourceQuality "1"]

1. d4 d5 2. Bf4 Nf6 3. e3 g6 4. Nf3 Bg7 5. h3 0-0 6. c4 c5 7. Nc3 cxd4 8. exd4 Nc6 9. c5 Ne4 10. Rc1 Nxd4 11. Nxd4 e5 12. Be3 exd4 13. Bxd4 Re8 14. Be2 Nxf2 15. Bxf2 d4 16. 0-0 dxc3 17. Qxd8 Rxd8 18. bxc3 Be6 19. Bf3 Bd5 20. Bh4 f6 21. Rb1 Bxf3 22. Rxf3 Bf8 23. Rxb7 Bxc5+ 24. Bf2 Bxf2+ 25. Rxf2 f5 26. Re2 Rdb8 27. Rc7 Rc8 28. Ree7 Rxc7 29. Rxc7 a5 30. c4 Rd8 31. c5 Rd5 32. Kf2 Kf8 33. Ke3 Ke8 34. c6 Rc5 35. Kd4 Rc2 36. Kd5 Kd8 37. Rxh7 Rxa2 38. g4 Rd2+ 39. Ke5 fxg4 40. hxg4 Rc2 41. Kd6 Rd2+ 42. Kc5 a4 43. Ra7 Rc2+ 44. Kd6 Rd2+ 45. Ke5 Rc2 46. Kd5 Rd2+ 47. Ke6 Rd4 48. g5 Rc4 49. Kf7 Rxc6 50. Rxa4 Rc7+ 51. Kxg6 Ke7 52. Rf4 Rc6+ 53. Kg7 Rc5 54. g6 Rc6 55. Kh7 Rc1 56. Rh4 1-0

[Event "FRA Cup"]
[Site "Bois Colombes"]
[Date "2012.05.19"]
[Round "1"]
[White "Govciyan, Pavel"]
[Black "Maze, Sebastien"]
[Result "1-0"]
[WhiteElo "2441"]
[BlackElo "2594"]
[PlyCount "61"]
[EventDate "2012.05.19"]
[EventType "team-match"]
[EventRounds "3"]
[EventCountry "FRA"]
[SourceTitle "EXT 2013"]
[Source "ChessBase"]
[SourceDate "2012.11.22"]
[SourceVersion "1"]
[SourceVersionDate "2012.11.22"]
[SourceQuality "1"]
[WhiteTeam "Cannes"]
[BlackTeam "Marseille"]
[WhiteTeamCountry "FRA"]
[BlackTeamCountry "FRA"]

1. c4 Nf6 2. g3 g6 3. Bg2 Bg7 4. Nc3 0-0 5. e4 c5 6. d3 Nc6 7. Nge2 Ne8 8. Be3 Nd4 9. 0-0 Nc7 10. Qd2 d6 11. f4 Bg4 12. Rab1 b6 13. h3 Bxe2 14. Nxe2 Nxe2+ 15. Qxe2 Ne6 16. Kh2 Nd4 17. Qd2 Rb8 18. b4 Qd7 19. h4 e6 20. b5 Rfe8 21. g4 f5 22. exf5 exf5 23. g5 Qc7 24. Rbe1 h5 25. Bxd4 Bxd4 26. Bc6 Rxe1 27. Rxe1 d5 28. Bxd5+ Kg7 29. Re6 Rd8 30. Kg3 Rd6 31. Qe2 1-0

[Event "EU-ch 12th"]
[Site "Aix les Bains"]
[Date "2011.03.24"]
[Round "3"]
[White "Kulaots, Kaido"]
[Black "Govciyan, Pavel"]
[Result "1/2-1/2"]
[WhiteElo "2601"]
[BlackElo "2434"]
[PlyCount "85"]
[EventDate "2011.03.22"]
[EventType "swiss"]
[EventRounds "11"]
[EventCountry "FRA"]
[SourceTitle "CBM 142 Extra"]
[Source "ChessBase"]
[SourceDate "2011.06.27"]
[SourceVersion "1"]
[SourceVersionDate "2011.06.27"]
[SourceQuality "1"]

1. e4 e5 2. Nf3 Nc6 3. Bb5 Bc5 4. 0-0 Nd4 5. Nxd4 Bxd4 6. c3 Bb6 7. d4 c6 8. Ba4 d6 9. Na3 Nf6 10. Bg5 0-0 11. Bc2 h6 12. Bh4 g5 13. Bg3 Bg4 14. Qd3 Qe7 15. Nc4 Bc7 16. Ne3 Be6 17. Qe2 h5 18. h3 Rae8 19. Rae1 Kg7 20. h4 Ng4 21. hxg5 Qxg5 22. f4 exf4 23. Bxf4 Qd8 24. Qf3 Rh8 25. Bb3 d5 26. e5 Reg8 27. Bc2 Qd7 28. Bg3 Nxe3 29. Rxe3 Bd8 30. Bf5 Kf8 31. Be1 Ke8 32. Re2 Bxf5 33. Qxf5 Qe6 34. Bd2 Be7 35. Rf3 Rg7 36. Ref2 c5 37. Qd3 a6 38. Be3 c4 39. Qf5 Bh4 40. Re2 Be7 41. Ref2 Bh4 42. Re2 Be7 43. Ref2 1/2-1/2

[Event "FRA-chT1 1011"]
[Site "France"]
[Date "2010.11.14"]
[Round "3.1"]
[White "Govciyan, Pavel"]
[Black "Janev, Evgeni"]
[Result "0-1"]
[WhiteElo "2438"]
[BlackElo "2494"]
[PlyCount "60"]
[EventDate "2010.10.17"]
[EventType "team-tourn"]
[EventRounds "11"]
[EventCountry "FRA"]
[SourceTitle "EXT 2012"]
[Source "ChessBase"]
[SourceDate "2011.11.24"]
[SourceVersion "1"]
[SourceVersionDate "2011.11.24"]
[SourceQuality "1"]

1. d4 Nf6 2. g3 c5 3. d5 e6 4. c4 exd5 5. cxd5 d6 6. Nc3 g6 7. Bg2 Bg7 8. Nf3 0-0 9. 0-0 Na6 10. Nd2 Nc7 11. a4 b6 12. Nc4 Ba6 13. Qb3 Bxc4 14. Qxc4 a6 15. Bg5 h6 16. Bd2 Nd7 17. b4 b5 18. Qb3 a5 19. bxa5 b4 20. Ne4 Nf6 21. Ra2 Rxa5 22. Bf4 Nxe4 23. Bxe4 Qe7 24. Bd3 Rfa8 25. h4 Qd7 26. Bc4 Rxa4 27. Rxa4 Rxa4 28. Qe3 Ra3 29. Qd2 h5 30. Kh2 Na8 0-1

[Event "FRA-chT Top 16 Gp Basse"]
[Site "Guingamp"]
[Date "2010.06.05"]
[Round "10.4"]
[White "Govciyan, Pavel"]
[Black "Lazarev, Vladimir"]
[Result "1/2-1/2"]
[WhiteElo "2429"]
[BlackElo "2463"]
[PlyCount "34"]
[EventDate "2010.06.03"]
[EventType "team-tourn"]
[EventRounds "11"]
[EventCountry "FRA"]
[SourceTitle "EXT 2011"]
[Source "ChessBase"]
[SourceDate "2010.11.26"]
[SourceVersion "1"]
[SourceVersionDate "2010.11.26"]
[SourceQuality "1"]
[WhiteTeam "Cannes"]
[BlackTeam "Drancy"]
[WhiteTeamCountry "FRA"]
[BlackTeamCountry "FRA"]

1. d4 Nf6 2. c4 e6 3. g3 d5 4. Nf3 Bb4+ 5. Bd2 Be7 6. Bg2 0-0 7. 0-0 c6 8. Qc2 Nbd7 9. Bf4 a5 10. Rd1 Nh5 11. Bc1 Nhf6 12. Nbd2 b6 13. e4 Bb7 14. e5 Ne8 15. Nf1 Rc8 16. h4 h6 17. Ne3 c5 1/2-1/2

[Event "FRA-chT Top 16 GpB"]
[Site "France"]
[Date "2010.03.27"]
[Round "2"]
[White "Roos, Jean Luc"]
[Black "Govciyan, Pavel"]
[Result "1-0"]
[WhiteElo "2259"]
[BlackElo "2430"]
[PlyCount "95"]
[EventDate "2010.03.26"]
[EventType "team-tourn"]
[EventRounds "7"]
[EventCountry "FRA"]
[SourceTitle "CBM 135 Extra"]
[Source "ChessBase"]
[SourceDate "2010.05.04"]
[SourceVersion "1"]
[SourceVersionDate "2010.05.04"]
[SourceQuality "1"]

1. e4 g6 2. d4 Bg7 3. Nc3 d6 4. Nf3 Nf6 5. Be2 0-0 6. 0-0 c6 7. a4 Nbd7 8. a5 e5 9. dxe5 dxe5 10. b3 Re8 11. Bc4 h6 12. Qe2 Qc7 13. Be3 Nf8 14. Rfd1 Ne6 15. Bxe6 Bxe6 16. Bc5 Red8 17. Rxd8+ Qxd8 18. b4 Nd7 19. Bd6 Qf6 20. Ne1 h5 21. Rd1 Nf8 22. Qe3 Bg4 23. f3 Bc8 24. Bc5 Ne6 25. Bxa7 g5 26. Bb6 g4 27. Qd3 Kh7 28. Ne2 Qg6 29. fxg4 hxg4 30. Ng3 Ng5 31. Nf5 Bf8 32. c3 Be6 33. Ng3 Be7 34. Nc2 Bb3 35. Rf1 Qe6 36. Ne3 Ba4 37. Ngf5 Bf8 38. Re1 Bb5 39. Qc2 c5 40. Nd5 Rc8 41. Nc7 Rxc7 42. Bxc7 Bc6 43. Qf2 cxb4 44. Qh4+ Kg6 45. cxb4 Bxe4 46. Ng3 Bxg2 47. Qh5+ Kf6 48. Bd8+ 1-0

[Event "Cannes op-A"]
[Site "Cannes"]
[Date "2010.03.01"]
[Round "2"]
[White "Iturrizaga Bonelli, Eduardo"]
[Black "Govciyan, Pavel"]
[Result "1/2-1/2"]
[WhiteElo "2616"]
[BlackElo "2422"]
[PlyCount "225"]
[EventDate "2010.02.28"]
[EventType "swiss"]
[EventRounds "9"]
[EventCountry "FRA"]
[SourceTitle "EXT 2011"]
[Source "ChessBase"]
[SourceDate "2010.11.26"]
[SourceVersion "1"]
[SourceVersionDate "2010.11.26"]
[SourceQuality "1"]

1. Nf3 d5 2. c4 c6 3. b3 Nf6 4. Bb2 Bf5 5. g3 e6 6. Bg2 Be7 7. 0-0 h6 8. d3 0-0 9. Nbd2 a5 10. a3 Bh7 11. Qc2 Na6 12. Ne5 Nd7 13. Nxd7 Qxd7 14. Bc3 a4 15. Qb2 f6 16. d4 b5 17. c5 Nc7 18. b4 Rad8 19. Rad1 Rfe8 20. Rfe1 Bf8 21. e4 Qf7 22. Re2 g5 23. Rf1 Bg7 24. f4 g4 25. Rfe1 Kf8 26. Kf2 h5 27. e5 f5 28. Nb1 Ke7 29. Ke3 Bg6 30. Rc1 Rh8 31. Be1 Bh6 32. Qd2 Ra8 33. Nc3 Qg7 34. Kd3 Be8 35. Kc2 Bd7 36. Kb2 Qf7 37. Bf1 Bg7 38. Rg2 Qe8 39. Qc2 Qb8 40. Bd3 Qb7 41. Bf2 Bh6 42. Rh1 Rag8 43. h3 Qa8 44. Rgh2 Bg7 45. Be1 Qe8 46. Bd2 Qg6 47. Ka2 Rc8 48. Nd1 Rh6 49. Be1 Rch8 50. Nc3 Qe8 51. Kb2 Qa8 52. Be2 Qe8 53. Bd1 Qg6 54. Ka2 Qe8 55. Bd2 Qg6 56. Qd3 Bc8 57. Kb2 Ba6 58. Bc2 Bc8 59. Qe2 Qe8 60. Bd3 Bd7 61. Nd1 Qg6 62. Ne3 Be8 63. Bc1 Bf8 64. Qc2 Bd7 65. Bd2 Bg7 66. Be2 Be8 67. Ka2 Bf8 68. Bd1 Bg7 69. Qd3 Bf8 70. Bc2 Bd7 71. Qe2 Bg7 72. Kb2 Bf8 73. Qd1 Bg7 74. Bd3 Bf8 75. Kc3 Bg7 76. Ng2 Bf8 77. Kc2 Bg7 78. Ne3 Be8 79. Kb2 Bd7 80. Qc2 Bf8 81. Nd1 Bg7 82. Nc3 Qe8 83. Be2 Bf8 84. Qd1 Bg7 85. hxg4 hxg4 86. Rxh6 Rxh6 87. Rxh6 Bxh6 88. Qh1 Qg6 89. Qh4+ Ke8 90. Nxa4 bxa4 91. b5 Nxb5 92. Bxb5 cxb5 93. Ba5 Kf7 94. Qd8 Be8 95. c6 Bxc6 96. Qc7+ Kg8 97. Qxc6 Bf8 98. Bb4 Bxb4 99. axb4 Qh6 100. Qxb5 Qh2+ 101. Ka3 Qxg3+ 102. Kxa4 Qxf4 103. Qe8+ Kg7 104. Qe7+ Kh8 105. Qf6+ Kh7 106. Qxe6 g3 107. Qxd5 Qe4 108. Qf7+ Kh6 109. e6 g2 110. Qf6+ Kh7 111. Qf7+ Kh6 112. Qg8 Qc6+ 113. Ka5 1/2-1/2

[Event "FRA-chB 84th"]
[Site "Nimes"]
[Date "2009.08.14"]
[Round "5"]
[White "Govciyan, Pavel"]
[Black "Terrieux, Kevin"]
[Result "1-0"]
[WhiteElo "2438"]
[BlackElo "2442"]
[PlyCount "71"]
[EventDate "2009.08.10"]
[EventType "tourn"]
[EventRounds "11"]
[EventCountry "FRA"]
[EventCategory "9"]
[SourceTitle "CBM 131 Extra"]
[Source "ChessBase"]
[SourceDate "2009.09.03"]
[SourceVersion "2"]
[SourceVersionDate "2009.09.16"]
[SourceQuality "1"]

1. d4 Nf6 2. c4 e6 3. g3 d5 4. Nf3 Be7 5. Bg2 0-0 6. 0-0 dxc4 7. Qc2 a6 8. a4 Bd7 9. Qxc4 Bc6 10. Bf4 Bd6 11. Nc3 Nbd7 12. Qd3 h6 13. Rfd1 Bxf3 14. Qxf3 Bxf4 15. Qxf4 c6 16. a5 Qb8 17. Qd2 Qc7 18. b4 Rad8 19. Qb2 e5 20. d5 cxd5 21. Nxd5 Qb8 22. Ne7+ Kh8 23. Nf5 b6 24. Qa3 e4 25. Nd6 bxa5 26. bxa5 Ne5 27. Qc5 Nfd7 28. Qd5 f5 29. Rab1 Qa8 30. Qxa8 Rxa8 31. Nxf5 Nf6 32. Nd6 Rab8 33. Nxe4 Nxe4 34. Bxe4 Nc4 35. Rxb8 Rxb8 36. Rd5 1-0

[Event "Paris-ch int"]
[Site "Paris"]
[Date "2009.07.11"]
[Round "8"]
[White "Rabineau, Clement"]
[Black "Govciyan, Pavel"]
[Result "1-0"]
[WhiteElo "2263"]
[BlackElo "2438"]
[PlyCount "75"]
[EventDate "2009.07.04"]
[EventType "swiss"]
[EventRounds "9"]
[EventCountry "FRA"]
[SourceTitle "CBM 131 Extra"]
[Source "ChessBase"]
[SourceDate "2009.09.03"]
[SourceVersion "2"]
[SourceVersionDate "2009.09.16"]
[SourceQuality "1"]

1. e4 e5 2. Nf3 Nc6 3. Bb5 a6 4. Bxc6 dxc6 5. 0-0 Be6 6. d4 exd4 7. Nxd4 Bc4 8. Re1 c5 9. Nb3 Qxd1 10. Rxd1 Be2 11. Re1 Bg4 12. Be3 b6 13. Nc3 0-0-0 14. a4 Ne7 15. a5 c4 16. Nd4 b5 17. f3 Bd7 18. b3 cxb3 19. cxb3 Kb7 20. Rec1 Nc8 21. Nd5 c6 22. Nf4 Na7 23. Nd3 f6 24. Kf2 Bd6 25. Nc5+ Bxc5 26. Rxc5 Rhe8 27. Rac1 Re7 28. g4 Be8 29. b4 Nc8 30. Nxc6 Bxc6 31. Rxc6 Rde8 32. Bb6 Kb8 33. Bc7+ Kb7 34. Bd6 Rd7 35. Rc7+ Rxc7 36. Rxc7+ Ka8 37. Bc5 Rg8 38. Rf7 1-0

[Event "Paris-ch int"]
[Site "Paris"]
[Date "2009.07.06"]
[Round "3"]
[White "Govciyan, Pavel"]
[Black "Negi, Parimarjan"]
[Result "1/2-1/2"]
[WhiteElo "2438"]
[BlackElo "2590"]
[PlyCount "61"]
[EventDate "2009.07.04"]
[EventType "swiss"]
[EventRounds "9"]
[EventCountry "FRA"]
[SourceTitle "CBM 131 Extra"]
[Source "ChessBase"]
[SourceDate "2009.09.03"]
[SourceVersion "2"]
[SourceVersionDate "2009.09.16"]
[SourceQuality "1"]

1. d4 Nf6 2. c4 g6 3. Nc3 d5 4. Bf4 Bg7 5. e3 c5 6. dxc5 Qa5 7. Rc1 dxc4 8. Bxc4 0-0 9. Nge2 Qxc5 10. Qb3 Nc6 11. Nb5 Qh5 12. Ng3 Qh4 13. Nc7 e5 14. Bxe5 Nxe5 15. Nxa8 b6 16. Nc7 Bb7 17. Bd5 Nxd5 18. Nxd5 Bxd5 19. Qxd5 Rd8 20. Qb3 Nd3+ 21. Ke2 Nxc1+ 22. Rxc1 Be5 23. Qb5 Bxg3 24. hxg3 Qg4+ 25. Ke1 Qe4 26. Rd1 Rxd1+ 27. Kxd1 Qb1+ 28. Kd2 Qxa2 29. Qe8+ Kg7 30. Qe5+ Kg8 31. Qe8+ 1/2-1/2

[Event "FRA-chT Top 16 Gp Haute"]
[Site "Le Port Marly"]
[Date "2009.05.30"]
[Round "10"]
[White "Relange, Eloi"]
[Black "Govciyan, Pavel"]
[Result "1/2-1/2"]
[WhiteElo "2482"]
[BlackElo "2412"]
[PlyCount "33"]
[EventDate "2009.05.28"]
[EventType "team"]
[EventRounds "11"]
[EventCountry "FRA"]
[SourceTitle "CBM 130 Extra"]
[Source "ChessBase"]
[SourceDate "2009.07.02"]
[SourceVersion "2"]
[SourceVersionDate "2009.07.15"]
[SourceQuality "1"]

1. d4 d5 2. c4 c6 3. Nf3 Nf6 4. Nc3 e6 5. Bg5 dxc4 6. e4 b5 7. e5 h6 8. Bh4 g5 9. Nxg5 hxg5 10. Bxg5 Nbd7 11. g3 Bb7 12. Bg2 Qb6 13. exf6 0-0-0 14. 0-0 Bh6 15. Bxh6 Rxh6 16. b3 cxb3 17. Qxb3 1/2-1/2

[Event "FRA-chB 83rd"]
[Site "Pau"]
[Date "2008.08.19"]
[Round "8"]
[White "Govciyan, Pavel"]
[Black "Cossin, Sebastien"]
[Result "0-1"]
[WhiteElo "2411"]
[BlackElo "2466"]
[PlyCount "112"]
[EventDate "2008.08.11"]
[EventType "tourn"]
[EventRounds "11"]
[EventCountry "FRA"]
[EventCategory "9"]
[SourceTitle "CBM 125 Extra"]
[Source "ChessBase"]
[SourceDate "2008.09.01"]
[SourceVersion "1"]
[SourceVersionDate "2008.09.01"]
[SourceQuality "1"]

1. d4 Nf6 2. c4 g6 3. Nc3 Bg7 4. e4 d6 5. Be2 0-0 6. Nf3 e5 7. 0-0 Na6 8. Be3 Ng4 9. Bg5 Qe8 10. d5 f5 11. Nd2 h6 12. Bh4 g5 13. Bg3 Nf6 14. exf5 Bxf5 15. f3 Qg6 16. Nde4 Nxe4 17. fxe4 Bxe4 18. Nxe4 Qxe4 19. Bd3 Qe3+ 20. Kh1 e4 21. Be2 Rxf1+ 22. Qxf1 Rf8 23. Qd1 Nc5 24. Bg4 Bxb2 25. Rb1 Qd3 26. Qe1 Qxc4 27. h4 Qc3 28. Be6+ Nxe6 29. dxe6 Qxe1+ 30. Rxe1 gxh4 31. Bxh4 Be5 32. e7 Re8 33. Rxe4 Kf7 34. Kg1 c5 35. Kf1 b5 36. Re3 a5 37. Rf3+ Ke6 38. Ke2 b4 39. Kd3 a4 40. Kc2 c4 41. Kb1 b3 42. g4 Rxe7 43. Bxe7 Kxe7 44. Re3 Kf6 45. Rh3 c3 46. axb3 axb3 47. Rxh6+ Kg5 48. Rh1 c2+ 49. Kc1 Bf4+ 50. Kb2 c1Q+ 51. Rxc1 Bxc1+ 52. Kxc1 Kxg4 53. Kb2 Kf4 54. Kxb3 Ke4 55. Kc4 d5+ 56. Kc3 Ke5 0-1

[Event "FRA-chB 83rd"]
[Site "Pau"]
[Date "2008.08.13"]
[Round "3"]
[White "Govciyan, Pavel"]
[Black "Vitoux, Colomban"]
[Result "1/2-1/2"]
[WhiteElo "2411"]
[BlackElo "2454"]
[PlyCount "99"]
[EventDate "2008.08.11"]
[EventType "tourn"]
[EventRounds "11"]
[EventCountry "FRA"]
[EventCategory "9"]
[SourceTitle "CBM 125 Extra"]
[Source "ChessBase"]
[SourceDate "2008.09.01"]
[SourceVersion "1"]
[SourceVersionDate "2008.09.01"]
[SourceQuality "1"]

1. c4 Nf6 2. Nc3 g6 3. e4 c5 4. Nf3 Nc6 5. d4 cxd4 6. Nxd4 Bg7 7. Be3 0-0 8. Be2 b6 9. 0-0 Bb7 10. Nb3 d6 11. Rc1 Rc8 12. f3 Re8 13. Qd2 Ne5 14. Nd5 Ba6 15. Nxf6+ Bxf6 16. Qb4 Nc6 17. Qa3 Bb7 18. Rfd1 Qc7 19. Na1 Ne5 20. b4 Nd7 21. Nb3 Qb8 22. Nd4 a6 23. Bf1 Rc7 24. Ne2 Rec8 25. Nc3 b5 26. Nd5 Bxd5 27. cxd5 Qb7 28. Rxc7 Rxc7 29. Rc1 Nb8 30. Bd3 e6 31. dxe6 fxe6 32. Bc2 Qc8 33. Bb3 Kf7 34. Rd1 Ke7 35. f4 Rc3 36. Bf2 Nc6 37. e5 dxe5 38. fxe5 Nxe5 39. Qb2 Nd3 40. Qd2 Nxf2 41. Kxf2 Kf7 42. Qh6 Kg8 43. Rd6 Kh8 44. Rd7 Be7 45. Rxe7 Rc2+ 46. Bxc2 Qxc2+ 47. Ke1 Qe4+ 48. Kd1 Qg4+ 49. Kc2 Qc4+ 50. Kd1 1/2-1/2